Oreo / (Record no. 127063)

MARC details
000 -LEADER
campo de control de longitud fija 02072cam a2200529 i 4500
001 - NÚMERO DE CONTROL
campo de control 18594052
003 - IDENTIFICADOR DE NÚMERO DE CONTROL
campo de control BJBSDDR
005 - FECHA Y HORA DE LA ÚLTIMA TRANSACCIÓN
campo de control 20260512131722.0
007 - CAMPO FIJO DE DESCRIPCIÓN FÍSICA--INFORMACIÓN GENERAL
campo de control de longitud fija ta
008 - DATOS DE LONGITUD FIJA--INFORMACIÓN GENERAL
campo de control de longitud fija 150427r20151974nyua b 000 1 eng
010 ## - NÚMERO DE CONTROL DE LA BIBLIOTECA DEL CONGRESO
Número de control de LC 2015016209
020 ## - NÚMERO INTERNACIONAL ESTÁNDAR DEL LIBRO
Número Internacional Estándar del Libro 9780811223225
Información calificativa paperback : alk. paper
035 ## - NÚMERO DE CONTROL DEL SISTEMA
Número de control de sistema 18594052
040 ## - FUENTE DE CATALOGACIÓN
Centro catalogador/agencia de origen DLC
Lengua de catalogación eng
Centro/agencia transcriptor DLC
Normas de descripción rda
Centro/agencia modificador DLC
041 ## - CÓDIGO DE IDIOMA
Código de lengua original eng
042 ## - CÓDIGO DE AUTENTICACIÓN
Código de autenticación pcc
043 ## - CÓDIGO DE ÁREA GEOGRÁFICA
Código de área geográfica n-us-ny
050 00 - SIGNATURA TOPOGRÁFICA DE LA BIBLIOTECA DEL CONGRESO
Número de clasificación PS3568.O8433
Número de ítem O74 2015
082 00 - NÚMERO DE LA CLASIFICACIÓN DECIMAL DEWEY
Número de clasificación 813/.54
Número de edición 23
100 1# - ENTRADA PRINCIPAL--NOMBRE DE PERSONA
Nombre de persona Ross, Fran
Fechas asociadas al nombre 1935-1985
9 (RLIN) 48405
245 10 - MENCIÓN DEL TÍTULO
Título Oreo /
Mención de responsabilidad, etc. by Fran Ross ; with a foreword by Danzy Senna ; and an afterword by Harryette Mullen.
250 ## - MENCION DE EDICION
Mención de edición First New Directions Paperback edition.
264 #1 - PRODUCCIÓN, PUBLICACIÓN, DISTRIBUCIÓN, FABRICACIÓN Y COPYRIGHT
Producción, publicación, distribución, fabricación y copyright New York :
Nombre del de productor, editor, distribuidor, fabricante New Directions Publishing Corporation ;
Fecha de producción, publicación, distribución, fabricación o copyright 2015 .
264 #4 - PRODUCCIÓN, PUBLICACIÓN, DISTRIBUCIÓN, FABRICACIÓN Y COPYRIGHT
Fecha de producción, publicación, distribución, fabricación o copyright ©2015
300 ## - DESCRIPCIÓN FÍSICA
Extensión xvii, 230 pages :
Otras características físicas illustrations ;
Dimensiones 21 cm .
336 ## - TIPO DE CONTENIDO
Término de tipo de contenido text
Fuente rdacontent
337 ## - TIPO DE MEDIO
Nombre/término del tipo de medio unmediated
Fuente rdamedia
338 ## - TIPO DE SOPORTE
Nombre/término del tipo de soporte volume
Fuente rdacarrier
490 0# - MENCIÓN DE SERIE
Mención de serie New Directions paperbook ;
Designación de volumen o secuencia NDP1309
500 ## - NOTA GENERAL
Nota general "A New Directions Paperbook".
504 ## - NOTA DE BIBLIOGRAFÍA, ETC.
Nota de bibliografía, etc. Includes bibliographical references.
520 ## - RESUMEN, ETC.
Sumario, etc. Oreo, a biracial black girl from Philadelphia, searches for her Jewish father in New York City, navigating the labyrinth of sound studios, brothels, and subway tunnels of Manhattan in a journey of self-discovery
650 #0 - PUNTO DE ACCESO ADICIONAL DE MATERIA--TÉRMINO DE MATERIA
Término de materia o nombre geográfico como elemento de entrada Multiracial people
Subdivisión de forma Fiction.
650 #0 - PUNTO DE ACCESO ADICIONAL DE MATERIA--TÉRMINO DE MATERIA
Término de materia o nombre geográfico como elemento de entrada African American girls
Subdivisión de forma Fiction.
650 #0 - PUNTO DE ACCESO ADICIONAL DE MATERIA--TÉRMINO DE MATERIA
Término de materia o nombre geográfico como elemento de entrada Race relations
Subdivisión de forma Fiction.
650 #0 - PUNTO DE ACCESO ADICIONAL DE MATERIA--TÉRMINO DE MATERIA
Término de materia o nombre geográfico como elemento de entrada Jewish girls
Subdivisión de forma Fiction.
650 #0 - PUNTO DE ACCESO ADICIONAL DE MATERIA--TÉRMINO DE MATERIA
Término de materia o nombre geográfico como elemento de entrada Birthfathers
Subdivisión de forma Fiction.
651 #0 - PUNTO DE ACCESO ADICIONAL DE MATERIA--NOMBRE GEOGRÁFICO
Nombre geográfico New York (N.Y.)
Subdivisión de forma Fiction.
655 #0 - TERMINO DE INDIZACIÓN--GENERO/FORMA
Datos o término principal de género/forma Domestic fiction.
655 #7 - TERMINO DE INDIZACIÓN--GENERO/FORMA
Datos o término principal de género/forma Bildungsromans.
Fuente del término gsafd
655 #7 - TERMINO DE INDIZACIÓN--GENERO/FORMA
Datos o término principal de género/forma Fiction.
Fuente del término lcgft
Número de control del registro de autoridad o número normalizado https://id.loc.gov/authorities/genreForms/gf2014026339
906 ## - ELEMENTOS DE DATOS F LOCAL, LDF (RLIN)
a 7
b cbc
c orignew
d 1
e ecip
f 20
g y-gencatlg
942 ## - ELEMENTOS DE ENTRADA SECUNDARIOS (KOHA)
Fuente del sistema de clasificación o colocación Clasificación de Library of Congress
Tipo de ítem Koha Libro
Suprimir en OPAC No
946 ## - PROCESAMIENTO DE INFORMACIÓN LOCAL (OCLC)
Iniciales del agente catalogador sba
Holdings
Estatus retirado Estado de pérdida Fuente del sistema de clasificación o colocación Estado de daño No para préstamo Colección Biblioteca de origen Biblioteca actual Ubicación en estantería Fecha de adquisición Signatura topográfica completa Código de barras Visto por última vez Copia número Tipo de ítem Koha
    Clasificación de Library of Congress     Automatización y Procesos Técnicos Biblioteca Juan Bosch Biblioteca Juan Bosch Automatización y Procesos Técnicos (1er. Piso) 12/05/2026 PS3568.O8433 O74 2015 00000191778 12/05/2026 1 Libro